<?xml version="1.0" encoding="UTF-8"?>
<record
    xmlns:xsi="http://www.w3.org/2001/XMLSchema-instance"
    xsi:schemaLocation="http://www.loc.gov/MARC21/slim http://www.loc.gov/standards/marcxml/schema/MARC21slim.xsd"
    xmlns="http://www.loc.gov/MARC21/slim">

  <leader>04138cam a2200397 a 4500</leader>
  <controlfield tag="001">16546923</controlfield>
  <controlfield tag="003">OSt</controlfield>
  <controlfield tag="005">20180117085942.0</controlfield>
  <controlfield tag="008">101119s2011    nyua     b    001 0 eng  </controlfield>
  <datafield tag="010" ind1=" " ind2=" ">
    <subfield code="a">  2010048042</subfield>
  </datafield>
  <datafield tag="020" ind1=" " ind2=" ">
    <subfield code="a">9781609181338 (pbk. : alk. paper)</subfield>
  </datafield>
  <datafield tag="020" ind1=" " ind2=" ">
    <subfield code="a">1609181336 (pbk. : alk. paper)</subfield>
  </datafield>
  <datafield tag="035" ind1=" " ind2=" ">
    <subfield code="a">(OCoLC)ocn654313238</subfield>
  </datafield>
  <datafield tag="040" ind1=" " ind2=" ">
    <subfield code="a">DLC</subfield>
    <subfield code="c">DLC</subfield>
    <subfield code="d">YDX</subfield>
    <subfield code="d">BTCTA</subfield>
    <subfield code="d">YDXCP</subfield>
    <subfield code="d">CDX</subfield>
    <subfield code="d">BWX</subfield>
    <subfield code="d">UPM</subfield>
    <subfield code="d">DLC</subfield>
  </datafield>
  <datafield tag="050" ind1="0" ind2="0">
    <subfield code="a">LB3430</subfield>
    <subfield code="b">.C74 2011</subfield>
  </datafield>
  <datafield tag="082" ind1="0" ind2="0">
    <subfield code="a">371.7/13</subfield>
    <subfield code="2">22</subfield>
  </datafield>
  <datafield tag="100" ind1="1" ind2=" ">
    <subfield code="a">Creed, Torrey A.</subfield>
  </datafield>
  <datafield tag="245" ind1="1" ind2="0">
    <subfield code="a">Cognitive therapy for adolescents in school settings /</subfield>
    <subfield code="c">Torrey A. Creed, Jarrod Reisweber, Aaron T. Beck.</subfield>
  </datafield>
  <datafield tag="260" ind1=" " ind2=" ">
    <subfield code="a">New York :</subfield>
    <subfield code="b">Guilford Press,</subfield>
    <subfield code="c">c2011.</subfield>
  </datafield>
  <datafield tag="300" ind1=" " ind2=" ">
    <subfield code="a">xv, 173 p. :</subfield>
    <subfield code="b">ill. ;</subfield>
    <subfield code="c">27 cm.</subfield>
  </datafield>
  <datafield tag="490" ind1="0" ind2=" ">
    <subfield code="a">The Guilford practical intervention in the schools series</subfield>
  </datafield>
  <datafield tag="504" ind1=" " ind2=" ">
    <subfield code="a">Includes bibliographical references and index.</subfield>
  </datafield>
  <datafield tag="505" ind1="0" ind2=" ">
    <subfield code="a">Machine generated contents note: 1.An Overview of Cognitive Therapy -- Character Introductions -- Alfred -- Anjanae -- David -- Michele -- Summary of Vignettes -- An Introduction to Cognitive Theory and the Cognitive Model -- Introducing the Cognitive Model to Students -- The Rollercoaster Story -- Cognitive Therapy Concepts -- Automatic Thoughts and Images -- Underlying Beliefs -- Compensatory Strategies -- Levels of Change in Cognitive Therapy in School Settings -- A Brief Introduction to the Structure of Cognitive Therapy -- Supporting Evidence -- Summary -- Reader Activity: The Cognitive Model -- 2.Cognitive Therapy Case Conceptualization -- Psychologically Speaking, Why Do Students Do What They Do? -- Cognitive Conceptualization -- Core Beliefs -- Intermediate Beliefs -- Compensatory Strategies -- Simplifying the Cognitive Conceptualization -- Using Your Cognitive Conceptualization -- Automatic; Thoughts: Shedding Light on Underlying Beliefs -- Cognitive Conceptualization, Treatment Anchors, and THE Presession Quick Sheet -- Supporting Evidence -- Summary and Further Thoughts -- Reader Activity: Cognitive Conceptualization -- 3.Cognitive Techniques -- A Decision Point: Problem Solving or Intervention? -- Collaborative Problem Solving -- Helping Students Understand the Cognitive Model -- Thought Bubbles -- The Cognitive Triangle -- Understanding the Difference between Thoughts and Emotions -- The Thought Record -- Guided Discovery -- The Three C's -- Catching -- Checking -- Changing -- Coping Cards -- Road Map to Success -- What to Do When the Student Can't Check or Change a Thought -- Reverse Role Play -- Resistance in Cognitive Therapy -- Identifying and Changing Underlying Beliefs -- The Downward Arrow -- Challenging and Changing Underlying Beliefs -- Supporting Evidence -- Summary -- 4.Behavioral Techniques -- Behavioral Experiments -- Behavioral Activation -- School-Based Cognitive Therapy for Suicidal Thoughts -- Hope Kit -- Replacement Behaviors -- Exposure -- Relaxation Techniques -- Supporting Evidence -- Summary -- Reader Activity: Behavioral Intervention -- 5.Making Cognitive Therapy Happen in the Schools -- Other Unique Challenges and Rewards of the School Setting -- Goal Setting -- Problem List -- The Cognitive Model -- Goal List -- Session Structure -- Presession Quick Sheet -- Check-In and Presession Quick Sheet Review -- Agenda -- Students in Distress -- Homework Practices -- Feedback and Summary -- Families and School-Based Cognitive Therapy -- Future Directions: Dissemination -- Supporting Evidence -- Summary.</subfield>
  </datafield>
  <datafield tag="650" ind1=" " ind2="0">
    <subfield code="a">Cognitive therapy for children.</subfield>
  </datafield>
  <datafield tag="650" ind1=" " ind2="0">
    <subfield code="a">School mental health services.</subfield>
  </datafield>
  <datafield tag="650" ind1=" " ind2="0">
    <subfield code="a">Emotional problems of children</subfield>
    <subfield code="x">Treatment.</subfield>
  </datafield>
  <datafield tag="650" ind1=" " ind2="0">
    <subfield code="a">Behavior disorders in children</subfield>
    <subfield code="x">Treatment.</subfield>
  </datafield>
  <datafield tag="650" ind1=" " ind2="0">
    <subfield code="a">Cognitive Therapy</subfield>
    <subfield code="x">methods.</subfield>
  </datafield>
  <datafield tag="650" ind1=" " ind2="0">
    <subfield code="a">Education, Special</subfield>
    <subfield code="x">methods.</subfield>
  </datafield>
  <datafield tag="700" ind1="1" ind2=" ">
    <subfield code="a">Reisweber, Jarrod.</subfield>
  </datafield>
  <datafield tag="700" ind1="1" ind2=" ">
    <subfield code="a">Beck, Aaron T.</subfield>
  </datafield>
  <datafield tag="906" ind1=" " ind2=" ">
    <subfield code="a">7</subfield>
    <subfield code="b">cbc</subfield>
    <subfield code="c">orignew</subfield>
    <subfield code="d">1</subfield>
    <subfield code="e">ecip</subfield>
    <subfield code="f">20</subfield>
    <subfield code="g">y-gencatlg</subfield>
  </datafield>
  <datafield tag="942" ind1=" " ind2=" ">
    <subfield code="2">ddc</subfield>
    <subfield code="c">BK</subfield>
  </datafield>
  <datafield tag="999" ind1=" " ind2=" ">
    <subfield code="c">2468</subfield>
    <subfield code="d">2468</subfield>
  </datafield>
  <datafield tag="952" ind1=" " ind2=" ">
    <subfield code="0">0</subfield>
    <subfield code="1">0</subfield>
    <subfield code="2">ddc</subfield>
    <subfield code="4">0</subfield>
    <subfield code="7">0</subfield>
    <subfield code="8">NFIC</subfield>
    <subfield code="a">CL</subfield>
    <subfield code="b">CL</subfield>
    <subfield code="c">GEN</subfield>
    <subfield code="d">2015-06-29</subfield>
    <subfield code="l">0</subfield>
    <subfield code="o">371.7/13 CRE</subfield>
    <subfield code="p">S3H-S-157</subfield>
    <subfield code="r">2020-09-29</subfield>
    <subfield code="w">2015-06-29</subfield>
    <subfield code="y">BK</subfield>
  </datafield>
</record>
